Spotlight on Britain

The book gives a region-by-region account of life in the United Kingdom. The wide variety of topics includes London, TV and Radio, Liverpool and the Beatles, Stratofrd and Shakespeare, Northern Ireland. Interesting information combines with opportunities for lively discussion, and students are provi...

Deskribapen osoa

Gorde:
Xehetasun bibliografikoak
Egile nagusia: Sheerin, Susan
Formatua: Liburua
Hizkuntza:Undetermined
Argitaratua: Oxford Oxford University Press 1990
Gaiak:
Etiketak: Etiketa erantsi
Etiketarik gabe, Izan zaitez lehena erregistro honi etiketa jartzen!
Thư viện lưu trữ: Trung tâm Học liệu Trường Đại học Cần Thơ
LEADER 00936nam a2200217Ia 4500
001 CTU_153204
008 210402s9999 xx 000 0 und d
020 |c 9.46 
082 |a 428.64 
082 |b S539 
100 |a Sheerin, Susan 
245 0 |a Spotlight on Britain 
245 0 |c Susan Sheerin, Jonathan Seath, Gillian White 
260 |a Oxford 
260 |b Oxford University Press 
260 |c 1990 
520 |a The book gives a region-by-region account of life in the United Kingdom. The wide variety of topics includes London, TV and Radio, Liverpool and the Beatles, Stratofrd and Shakespeare, Northern Ireland. Interesting information combines with opportunities for lively discussion, and students are provided with comprenhension questions and language practice exercises. 
650 |a English language 
650 |x Study and teaching 
904 |i Giang 
980 |a Trung tâm Học liệu Trường Đại học Cần Thơ